Statistics for Biggest cities in Cyprus

Click here to take the quiz!

General Stats

  • This quiz has been taken 880 times
  • The average score is 5 of 9

Answer Stats

HintAnswer% Correct
398 293Nicosia
100%
72 000Larnaca
83%
235 056Limassol
82%
32 754Paphos
77%
42 526Famagusta
62%
26 701Kyrenia
42%
14 833Morphou
18%
20 230Paralimni
18%
13 349Aradippou
5%

Score Distribution

Percentile by Number Answered

Percent of People with Each Score

Your Score History

You have not taken this quiz